<?xml version="1.0" encoding="UTF-8"?>
<collection xmlns="http://www.loc.gov/MARC21/slim">
 <record>
  <leader>01442nas a22002175  4500</leader>
  <controlfield tag="001">1/50393</controlfield>
  <controlfield tag="008">031223c20039999gr trzp            0gre d</controlfield>
  <datafield tag="022" ind1=" " ind2=" ">
   <subfield code="a">1109-7493</subfield>
  </datafield>
  <datafield tag="035" ind1=" " ind2=" ">
   <subfield code="l">24515</subfield>
  </datafield>
  <datafield tag="245" ind1="0" ind2="0">
   <subfield code="a">Γεωστρατηγική :</subfield>
   <subfield code="b">τετραμηνιαία επιθεώρηση του Ινστιτούτου Αμυντικών αναλύσεων</subfield>
  </datafield>
  <datafield tag="260" ind1=" " ind2=" ">
   <subfield code="a">Αθήνα :</subfield>
   <subfield code="b">ΙΑΑ,</subfield>
   <subfield code="c">2003-</subfield>
  </datafield>
  <datafield tag="650" ind1=" " ind2="4">
   <subfield code="a">Στρατηγική</subfield>
   <subfield code="v">Περιοδικά.</subfield>
  </datafield>
  <datafield tag="650" ind1=" " ind2="4">
   <subfield code="a">Γεωπολιτική</subfield>
   <subfield code="v">Περιοδικά.</subfield>
  </datafield>
  <datafield tag="650" ind1=" " ind2="4">
   <subfield code="a">Παγκόσμια Πολιτική</subfield>
   <subfield code="v">Περιοδικά.</subfield>
  </datafield>
  <datafield tag="710" ind1="2" ind2=" ">
   <subfield code="a">Ινστιτούτο Αμυντικών Αναλύσεων.</subfield>
  </datafield>
  <datafield tag="852" ind1=" " ind2=" ">
   <subfield code="a">INST</subfield>
   <subfield code="b">UNIPILB</subfield>
   <subfield code="c">SERIALS</subfield>
   <subfield code="e">20051109</subfield>
   <subfield code="h">Αλφαβητική σειρά</subfield>
   <subfield code="p">D_BC56</subfield>
   <subfield code="q">D_BC56</subfield>
   <subfield code="t">NOLOAN</subfield>
   <subfield code="v">τεύχ.4:(Μήνες)Ιαν.-Απρ.;(Έτος)2004</subfield>
   <subfield code="y">23</subfield>
  </datafield>
  <datafield tag="852" ind1=" " ind2=" ">
   <subfield code="a">INST</subfield>
   <subfield code="b">UNIPILB</subfield>
   <subfield code="c">SERIALS</subfield>
   <subfield code="e">20051109</subfield>
   <subfield code="h">Αλφαβητική σειρά</subfield>
   <subfield code="p">D_BC57</subfield>
   <subfield code="q">D_BC57</subfield>
   <subfield code="t">NOLOAN</subfield>
   <subfield code="v">τεύχ.5:(Μήνες)Μάιος-Αύγ.;(Έτος)2004</subfield>
   <subfield code="y">23</subfield>
  </datafield>
  <datafield tag="852" ind1=" " ind2=" ">
   <subfield code="a">INST</subfield>
   <subfield code="b">UNIPILB</subfield>
   <subfield code="c">SERIALS</subfield>
   <subfield code="e">20051109</subfield>
   <subfield code="h">Αλφαβητική σειρά</subfield>
   <subfield code="p">D_BC58</subfield>
   <subfield code="q">D_BC58</subfield>
   <subfield code="t">NOLOAN</subfield>
   <subfield code="v">τεύχ.6:(Μήνες)Σεπ.-Δεκ.;(Έτος)2004</subfield>
   <subfield code="y">23</subfield>
  </datafield>
  <datafield tag="852" ind1=" " ind2=" ">
   <subfield code="a">INST</subfield>
   <subfield code="b">UNIPILB</subfield>
   <subfield code="c">SERIALS</subfield>
   <subfield code="e">20051109</subfield>
   <subfield code="h">Αλφαβητική σειρά</subfield>
   <subfield code="p">D_BC59</subfield>
   <subfield code="q">D_BC59</subfield>
   <subfield code="t">NOLOAN</subfield>
   <subfield code="v">τεύχ.7:(Μήνες)Ιαν.-Απρ.;(Έτος)2005</subfield>
   <subfield code="y">23</subfield>
  </datafield>
  <datafield tag="856" ind1="7" ind2="8">
   <subfield code="u">http://www.iaa.gr</subfield>
  </datafield>
  <datafield tag="950" ind1=" " ind2=" ">
   <subfield code="a">01/01/2004</subfield>
   <subfield code="c">ΙΝΣΤΙΤΟΥΤΟ ΑΜΥΝΤΙΚΩΝ ΑΝΑΛΥΣΕΩΝ</subfield>
   <subfield code="d">168</subfield>
  </datafield>
 </record>
</collection>
